000 00755nam a22001937a 4500
999 _c17471
_d17471
003 AR-CdUCM
008 190508b ||||| |||| 00| 0 spa d
040 _aMUNICIPALIDAD PROVINCIAL DEL CUSCO
_cBIBLIOTECA MUNICIPAL DEL CUSCO
082 _a540.76 /
_bJ23
100 _aJaffe, Bernard
_937508
245 _aLa química crea un mundo nuevo /
260 _aBuenos Aires :
_bEdit. EUDEBA,
_c1957.
300 _a329 paginas ;
_c18 cm.
505 _aContenido :¿De que trata la química ? --La química utiliza símbolos --Simple química de cocina --Nuevos medicamentos para la humanidad --Mas y mejores alimentos para todos ...
650 _aQuímica
_94512
650 _aObras de divulgación
_99644
942 _2ddc
_cLIBROS
945 _arjall
_d2019-05-08